| 000 | 00355nam a22001097a 4500 | ||
|---|---|---|---|
| 007 | Thesis | ||
| 008 | 141020t xxu||||| |||| 00| 0 eng d | ||
| 100 |
_aFeroze alam-sup-Dr. Najam us sahar sadaf zaidi. _9940 |
||
| 245 |
_aTH-BS-Detection of HPV serotype 16 in Pakistani oropharengeal squamous cell carcinoma patients _hThesis |
||
| 300 | _a88 | ||
| 942 |
_2ddc _cCR |
||
| 999 |
_c17184 _d17184 |
||